Central Library OPAC University of Rajshahi

ভোলগা থেকে গঙ্গা / (Record no. 43923)

MARC details
000 -LEADER
fixed length control field 00817nam a2200217 a 4500
001 - CONTROL NUMBER
control field 43923
003 - CONTROL NUMBER IDENTIFIER
rucl marc code BD-RjUL
005 - DATE AND TIME OF LATEST TRANSACTION
control field 20211209053754.0
008 - FIXED-LENGTH DATA ELEMENTS--GENERAL INFORMATION
fixed length control field 160629s2013 bg ||||| |||| 00| 0 eng d
035 ## - SYSTEM CONTROL NUMBER
System control number (BD-RjUL)44041
040 ## - CATALOGING SOURCE
Original cataloging agency BD-RjUL
Language of cataloging eng
Transcribing agency BD-RjUL
041 ## - LANGUAGE CODE
Language code of text/sound track or separate title eng
082 ## - DEWEY DECIMAL CLASSIFICATION NUMBER
Edition number 23
Classification number 891.443
Author mark and year SAV 2013
100 ## - MAIN ENTRY--PERSONAL NAME
Personal name সাংকৃত্যায়ন, রাহুল
9 (RLIN) 134947
245 10 - TITLE STATEMENT
Title ভোলগা থেকে গঙ্গা /
Statement of responsibility, etc. রাহুল সাংকৃত্যায়ন
260 ## - PUBLICATION, DISTRIBUTION, ETC. (IMPRINT)
Place of publication, distribution, etc. ঢাকা :
Name of publisher, distributor, etc. বুক সেন্টার,
Date of publication, distribution, etc. ২০১৩
300 ## - PHYSICAL DESCRIPTION
Pagination ৩৩৩ পৃ. ;
Size ২১ সেমি.
650 ## - SUBJECT ADDED ENTRY--TOPICAL TERM
Topical term or geographic name as entry element বাংলা সাহিত্য
General subdivision ছোটগল্প
9 (RLIN) 123283
Topical term or geographic name as entry element Bengali Literature
General subdivision Short Stories
9 (RLIN) 134948
942 ## - ADDED ENTRY ELEMENTS (KOHA)
Source of classification or shelving scheme Dewey Decimal Classification
Koha item type Books
Holdings
Lost status Source of classification or shelving scheme Damaged status Not for loan Collection code Permanent Location Current Location Shelving location Date acquired Source of acquisition Cost, normal purchase price Total Checkouts Total Renewals Full call number Date last seen Date checked out Copy number Koha item type
  Dewey Decimal Classification     Non-fiction Central Library, University of Rajshahi Central Library, University of Rajshahi   03/12/1958 Nawroge Kitabstan, Dhaka 7.20 22 1 B 891.443 SAV 2013 27/04/2026 12/04/2026 C-2 Books